Elastic and plastic resistance of restrained beams in bending

Salvato in:
Dettagli Bibliografici
Autore principale: RADHA, Ahmad A.B.A., 1986- (Autore)
Altri autori: Koleková, Yvonna, 1959- (Relatore della tesi)
Natura: Manoscritto Libro
Lingua:slovacco
Pubblicazione: Bratislava : STU v Bratislave SvF, 2013
Soggetti:
Accesso online:VAIS
Tags: Aggiungi Tag
Nessun Tag, puoi essere il primo ad aggiungerne!!

MARC

LEADER 00000ntm a22000003a 4500
001 stu271890
005 20150617230237.5
008 130720s2013----xo------------------slo-d
040 |a STU  |b slo 
041 0 |a slo 
044 |a xo 
100 1 |a RADHA, Ahmad A.B.A.,  |d 1986-  |4 aut  |u V  |T SvF Stavebná fakulta  |X 45161  |U V  |Y 10  |7 A000045161 
242 0 0 |a Pružná a plastická odolnosť ohýbaných nosníkov zabezpečených proti strate stability klopením  |y slo 
245 1 |a Elastic and plastic resistance of restrained beams in bending 
260 |a Bratislava :  |b STU v Bratislave SvF,  |c 2013 
650 7 |a stavebné inžinierstvo  |2 stusub 
650 7 |a Civil Engineering  |2 estusub 
700 1 |a Koleková, Yvonna,  |d 1959-  |4 ths  |u V250  |U SvF Stavebná fakulta  |T SvF Katedra stavebnej mechaniky  |X 795  |U V250  |Y 26  |7 A000000795 
856 4 |a info a plný text  |u http://is.stuba.sk/zp/portal_zp.pl?podrobnosti=86424  |3 VAIS